| 000 | 00364nam a2200145Ia 4500 | ||
|---|---|---|---|
| 008 | 150201s1982 xx 000 0 und d | ||
| 082 |
_a617.6 _bD1983S |
||
| 100 | _aSTEELE | ||
| 245 | _aDIMENSIONS OF DENTAL HYGINE | ||
| 250 | _a3RD | ||
| 260 |
_bLEA & FEBIGER PUBLICATION _aNEW YORK (U.S.A) _c1982 |
||
| 300 | _a1-550 | ||
| 650 | _aPERIODONTICS | ||
| 942 |
_2ddc _cBK |
||
| 999 |
_c3094 _d3094 |
||